ភាសាខ្មែរ ថ្នាក់ទី៧ / (Record no. 6912)

MARC details
000 -LEADER
fixed length control field 01454nam a22002297a 4500
001 - CONTROL NUMBER
control field 6912
003 - CONTROL NUMBER IDENTIFIER
control field FISKH
005 - DATE AND TIME OF LATEST TRANSACTION
control field 20250606101107.0
008 - FIXED-LENGTH DATA ELEMENTS--GENERAL INFORMATION
fixed length control field 250606b cb ||||| |||| 00| 0 eng d
020 ## - INTERNATIONAL STANDARD BOOK NUMBER
International Standard Book Number 9789995000790
040 ## - CATALOGING SOURCE
Original cataloging agency FISKH
Language of cataloging khr
Transcribing agency FISKH
Modifying agency FISKH
082 ## - DEWEY DECIMAL CLASSIFICATION NUMBER
Classification number 370
100 ## - MAIN ENTRY--PERSONAL NAME
Personal name Saim, Tun
245 ## - TITLE STATEMENT
Title ភាសាខ្មែរ ថ្នាក់ទី៧ /
Statement of responsibility, etc. លោកជំទាវ ទន់ សាអុីម,លោកស្រី ម៉ៅ តាន់ណារី ,លោក យិន​ ធី​ និង លោក ព្រៃ សំបូរ
250 ## - EDITION STATEMENT
Edition statement បោះពុម្ពឆ្នាំ ២០១៦​
260 ## - PUBLICATION, DISTRIBUTION, ETC.
Place of publication, distribution, etc. ភ្នំពេញ :
Name of publisher, distributor, etc. គ្រឺះស្ថានបោះពុម្ពនិងចែកផ្សាយ ,
Date of publication, distribution, etc. ២០១៦ .
300 ## - PHYSICAL DESCRIPTION
Extent 220 pages :
Other physical details illustrations ;
Dimensions 25 cm .
520 ## - SUMMARY, ETC.
Summary, etc. សៀវភៅនេះមានគោលបំណងដើម្បីអភិវឌ្ឍសមត្ថភាពភាសាខ្មែរ របស់សិស្ស និងជួយឱ្យពួកគេអាចប្រើប្រាស់ភាសានេះក្នុងជីវិតប្រចាំថ្ងៃបានយ៉ាងមានប្រសិទ្ធភាព។<br/><br/>
520 ## - SUMMARY, ETC.
Summary, etc. This book aims to develop students' Khmer language skills and help them use the language effectively in daily life.
700 ## - ADDED ENTRY--PERSONAL NAME
Personal name Mary, Kem
Relator term Illustrator
942 ## - ADDED ENTRY ELEMENTS (KOHA)
Source of classification or shelving scheme Dewey Decimal Classification
Koha item type Khmer Books
Suppress in OPAC No
Holdings
Withdrawn status Lost status Source of classification or shelving scheme Damaged status Not for loan Collection Home library Current library Shelving location Date acquired Total Checkouts Full call number Barcode Date last seen Price effective from Koha item type
    Dewey Decimal Classification     Khmer Language Books / សៀវភៅភាសាខ្មែរ Footprints International School Library Network Toul Tom Poung Campus Footprints International School Library Network Toul Tom Poung Campus TTP Secondary Khmer Bookshelves 06/06/2025   SAI 370 2025-1554 06/06/2025 06/06/2025 Khmer Books